<?xml version="1.0" encoding="UTF-8"?>
<record
    xmlns:xsi="http://www.w3.org/2001/XMLSchema-instance"
    xsi:schemaLocation="http://www.loc.gov/MARC21/slim http://www.loc.gov/standards/marcxml/schema/MARC21slim.xsd"
    xmlns="http://www.loc.gov/MARC21/slim">

  <leader>02296nas a2200349 i 4500</leader>
  <controlfield tag="003">DO-SdBB</controlfield>
  <controlfield tag="005">20260313103336.0</controlfield>
  <controlfield tag="007">ta</controlfield>
  <controlfield tag="008">260313e2009||||dr qn|p|r||||||   |0spa d</controlfield>
  <datafield tag="022" ind1=" " ind2=" ">
    <subfield code="a">1017-0596</subfield>
  </datafield>
  <datafield tag="035" ind1=" " ind2=" ">
    <subfield code="a">(DO-SdBB)ES</subfield>
  </datafield>
  <datafield tag="040" ind1=" " ind2=" ">
    <subfield code="a">DO-SdBB</subfield>
    <subfield code="b">spa</subfield>
    <subfield code="c">DO-SdBNP</subfield>
    <subfield code="e">rda</subfield>
  </datafield>
  <datafield tag="041" ind1=" " ind2=" ">
    <subfield code="a">spa</subfield>
  </datafield>
  <datafield tag="110" ind1=" " ind2=" ">
    <subfield code="9">1433</subfield>
    <subfield code="a">Centro Montalvo. </subfield>
  </datafield>
  <datafield tag="245" ind1=" " ind2="0">
    <subfield code="a">Revista estudios sociales :</subfield>
    <subfield code="b">investigaci&#xF3;n social que hace historia. </subfield>
  </datafield>
  <datafield tag="264" ind1=" " ind2=" ">
    <subfield code="a">Santo Domingo, Rep&#xFA;blica Dominicana :</subfield>
    <subfield code="b">Centro Montalvo. </subfield>
    <subfield code="b">Instituto Superior Pedro Francisco Bono, </subfield>
    <subfield code="c">2009.</subfield>
  </datafield>
  <datafield tag="270" ind1=" " ind2=" ">
    <subfield code="a">Calle Josefa Brea, No. 65, Mejoramiento Social</subfield>
    <subfield code="b">Santo Domingo. </subfield>
    <subfield code="d">Rep&#xFA;blica Dominicana. </subfield>
    <subfield code="e">Apdo. 1004, </subfield>
  </datafield>
  <datafield tag="300" ind1=" " ind2=" ">
    <subfield code="a">volumen : </subfield>
    <subfield code="b">ilustraciones, fotograf&#xED;as, gr&#xE1;ficas, tablas ; </subfield>
    <subfield code="c">25.5 cm.</subfield>
  </datafield>
  <datafield tag="310" ind1=" " ind2=" ">
    <subfield code="a">Trimestral.</subfield>
  </datafield>
  <datafield tag="336" ind1=" " ind2=" ">
    <subfield code="a">texto</subfield>
    <subfield code="b">txt</subfield>
    <subfield code="2">rdacontent</subfield>
  </datafield>
  <datafield tag="337" ind1=" " ind2=" ">
    <subfield code="a">sin mediaci&#xF3;n </subfield>
    <subfield code="b">n </subfield>
    <subfield code="2">rdamedia</subfield>
  </datafield>
  <datafield tag="338" ind1=" " ind2=" ">
    <subfield code="a">volumen </subfield>
    <subfield code="b">nc </subfield>
    <subfield code="2">rdacarrier</subfield>
  </datafield>
  <datafield tag="362" ind1=" " ind2=" ">
    <subfield code="a">A&#xF1;o 41. Vol. 40. N&#xFA;mero 147, abril-junio 2009.</subfield>
  </datafield>
  <datafield tag="500" ind1=" " ind2=" ">
    <subfield code="a">Catalogaci&#xF3;n basada en el: A&#xF1;o 41. Vol. 40. N&#xFA;mero 147, abril-junio 2009.</subfield>
  </datafield>
  <datafield tag="520" ind1=" " ind2=" ">
    <subfield code="a">La Revista de Estudios Sociales, conocida como "Investigaci&#xF3;n Social Que Hace Historia", es una publicaci&#xF3;n peri&#xF3;dica que presenta resultados de investigaci&#xF3;n en ciencias sociales y reflexiones o revisiones te&#xF3;ricas que aportan a debates relevantes en este campo. Publica tambi&#xE9;n rese&#xF1;as y ensayos bibliogr&#xE1;ficos con orientaci&#xF3;n cr&#xED;tica sobre temas propios de disciplinas como antropolog&#xED;a, historia, sociolog&#xED;a, ciencia pol&#xED;tica, filosof&#xED;a, psicolog&#xED;a, estudios culturales. La revista es una publicaci&#xF3;n trimestral que circula al inicio de cada per&#xED;odo y tiene como objetivo contribuir a la difusi&#xF3;n de las investigaciones, los an&#xE1;lisis y las opiniones que sobre los problemas sociales elabora la comunidad acad&#xE9;mica nacional e internacional.</subfield>
  </datafield>
  <datafield tag="650" ind1="1" ind2="7">
    <subfield code="9">786</subfield>
    <subfield code="a">Investigaci&#xF3;n social</subfield>
    <subfield code="v">Publicaciones peri&#xF3;dicas </subfield>
    <subfield code="z">Rep&#xFA;blica Dominicana</subfield>
  </datafield>
  <datafield tag="650" ind1="1" ind2="0">
    <subfield code="a">Ciencias pol&#xED;ticas</subfield>
    <subfield code="2">Publicaciones peri&#xF3;dicas </subfield>
    <subfield code="9">2426</subfield>
    <subfield code="z">Rep&#xFA;blica Dominicana</subfield>
  </datafield>
  <datafield tag="650" ind1="1" ind2="0">
    <subfield code="a">Estudios culturales</subfield>
    <subfield code="2">Publicaciones peri&#xF3;dicas </subfield>
    <subfield code="9">89205</subfield>
    <subfield code="z">Rep&#xFA;blica Dominicana</subfield>
  </datafield>
  <datafield tag="650" ind1="1" ind2="0">
    <subfield code="a">Filosof&#xED;a </subfield>
    <subfield code="2">Publicaciones peri&#xF3;dicas </subfield>
    <subfield code="9">813</subfield>
    <subfield code="z">Rep&#xFA;blica Dominicana</subfield>
  </datafield>
  <datafield tag="710" ind1="1" ind2=" ">
    <subfield code="9">1035</subfield>
    <subfield code="a">Instituto Superior Pedro Francisco Bon&#xF3;</subfield>
  </datafield>
  <datafield tag="942" ind1=" " ind2=" ">
    <subfield code="2">ddc</subfield>
    <subfield code="c">ISSUE</subfield>
  </datafield>
  <datafield tag="952" ind1=" " ind2=" ">
    <subfield code="0">0</subfield>
    <subfield code="1">0</subfield>
    <subfield code="2">ddc</subfield>
    <subfield code="4">0</subfield>
    <subfield code="5">6</subfield>
    <subfield code="7">0</subfield>
    <subfield code="8">SE</subfield>
    <subfield code="a">BNPHU</subfield>
    <subfield code="b">BNPHU</subfield>
    <subfield code="d">2026-03-13</subfield>
    <subfield code="h">A&#xF1;o 41. Vol. 40. N&#xFA;mero 147, abril-junio 2009</subfield>
    <subfield code="l">0</subfield>
    <subfield code="p">2026-2150</subfield>
    <subfield code="r">2026-03-13</subfield>
    <subfield code="t">e.1</subfield>
    <subfield code="w">2026-03-13</subfield>
    <subfield code="y">ISSUE</subfield>
    <subfield code="z">Fronteras de la equidad social dominicana.</subfield>
  </datafield>
  <datafield tag="952" ind1=" " ind2=" ">
    <subfield code="0">0</subfield>
    <subfield code="1">0</subfield>
    <subfield code="2">ddc</subfield>
    <subfield code="4">0</subfield>
    <subfield code="5">6</subfield>
    <subfield code="7">0</subfield>
    <subfield code="8">SE</subfield>
    <subfield code="a">BNPHU</subfield>
    <subfield code="b">BNPHU</subfield>
    <subfield code="d">2026-03-13</subfield>
    <subfield code="h">A&#xF1;o 41. Vol. 40. N&#xFA;mero 147, abril-junio 2009</subfield>
    <subfield code="l">0</subfield>
    <subfield code="p">2026-2151</subfield>
    <subfield code="r">2026-03-13</subfield>
    <subfield code="t">e.2</subfield>
    <subfield code="w">2026-03-13</subfield>
    <subfield code="y">ISSUE</subfield>
    <subfield code="z">Fronteras de la equidad social dominicana.</subfield>
  </datafield>
  <datafield tag="952" ind1=" " ind2=" ">
    <subfield code="0">0</subfield>
    <subfield code="1">0</subfield>
    <subfield code="2">ddc</subfield>
    <subfield code="4">0</subfield>
    <subfield code="5">6</subfield>
    <subfield code="7">0</subfield>
    <subfield code="8">SE</subfield>
    <subfield code="a">BNPHU</subfield>
    <subfield code="b">BNPHU</subfield>
    <subfield code="d">2026-03-13</subfield>
    <subfield code="h">A&#xF1;o 41. Vol. 40. N&#xFA;mero 150, julio-septiembre 2009</subfield>
    <subfield code="l">0</subfield>
    <subfield code="p">2026-2152</subfield>
    <subfield code="r">2026-03-13</subfield>
    <subfield code="t">e.1</subfield>
    <subfield code="w">2026-03-13</subfield>
    <subfield code="y">ISSUE</subfield>
    <subfield code="z">Terremoto Hait&#xED;. Edici&#xF3;n Especial. </subfield>
  </datafield>
  <datafield tag="952" ind1=" " ind2=" ">
    <subfield code="0">0</subfield>
    <subfield code="1">0</subfield>
    <subfield code="2">ddc</subfield>
    <subfield code="4">0</subfield>
    <subfield code="5">6</subfield>
    <subfield code="7">0</subfield>
    <subfield code="8">SE</subfield>
    <subfield code="a">BNPHU</subfield>
    <subfield code="b">BNPHU</subfield>
    <subfield code="d">2026-03-13</subfield>
    <subfield code="h">A&#xF1;o 41. Vol. 40. N&#xFA;mero 150, julio-septiembre 2009</subfield>
    <subfield code="l">0</subfield>
    <subfield code="p">2026-2153</subfield>
    <subfield code="r">2026-03-13</subfield>
    <subfield code="t">e.2</subfield>
    <subfield code="w">2026-03-13</subfield>
    <subfield code="y">ISSUE</subfield>
    <subfield code="z">Terremoto Hait&#xED;. Edici&#xF3;n Especial. </subfield>
  </datafield>
  <datafield tag="952" ind1=" " ind2=" ">
    <subfield code="0">0</subfield>
    <subfield code="1">0</subfield>
    <subfield code="2">ddc</subfield>
    <subfield code="4">0</subfield>
    <subfield code="5">6</subfield>
    <subfield code="7">0</subfield>
    <subfield code="8">SE</subfield>
    <subfield code="a">BNPHU</subfield>
    <subfield code="b">BNPHU</subfield>
    <subfield code="d">2026-03-13</subfield>
    <subfield code="h">A&#xF1;o 41. Vol. 40. N&#xFA;mero 150, julio-septiembre 2009</subfield>
    <subfield code="l">0</subfield>
    <subfield code="p">2026-2154</subfield>
    <subfield code="r">2026-03-13</subfield>
    <subfield code="t">e.3</subfield>
    <subfield code="w">2026-03-13</subfield>
    <subfield code="y">ISSUE</subfield>
    <subfield code="z">Terremoto Hait&#xED;. Edici&#xF3;n Especial. </subfield>
  </datafield>
  <datafield tag="952" ind1=" " ind2=" ">
    <subfield code="0">0</subfield>
    <subfield code="1">0</subfield>
    <subfield code="2">ddc</subfield>
    <subfield code="4">0</subfield>
    <subfield code="5">6</subfield>
    <subfield code="7">0</subfield>
    <subfield code="8">SE</subfield>
    <subfield code="a">BNPHU</subfield>
    <subfield code="b">BNPHU</subfield>
    <subfield code="d">2026-03-13</subfield>
    <subfield code="h">A&#xF1;o 41. Vol. 40. N&#xFA;mero 151, octubre-diciembre 2009</subfield>
    <subfield code="l">0</subfield>
    <subfield code="p">2026-2155</subfield>
    <subfield code="r">2026-03-13</subfield>
    <subfield code="t">e.1</subfield>
    <subfield code="w">2026-03-13</subfield>
    <subfield code="y">ISSUE</subfield>
    <subfield code="z">Hispaniola transnacional: por un pasado y un futuro com&#xFA;n.</subfield>
  </datafield>
  <datafield tag="952" ind1=" " ind2=" ">
    <subfield code="0">0</subfield>
    <subfield code="1">0</subfield>
    <subfield code="2">ddc</subfield>
    <subfield code="4">0</subfield>
    <subfield code="5">6</subfield>
    <subfield code="7">0</subfield>
    <subfield code="8">SE</subfield>
    <subfield code="a">BNPHU</subfield>
    <subfield code="b">BNPHU</subfield>
    <subfield code="d">2026-03-13</subfield>
    <subfield code="h">A&#xF1;o 42. Vol. 41. N&#xFA;mero 152, enero-marzo 2010</subfield>
    <subfield code="l">0</subfield>
    <subfield code="p">2026-2156</subfield>
    <subfield code="r">2026-03-13</subfield>
    <subfield code="t">e.1</subfield>
    <subfield code="w">2026-03-13</subfield>
    <subfield code="y">ISSUE</subfield>
    <subfield code="z">G&#xE9;nero y justicia social.</subfield>
  </datafield>
  <datafield tag="952" ind1=" " ind2=" ">
    <subfield code="0">0</subfield>
    <subfield code="1">0</subfield>
    <subfield code="2">ddc</subfield>
    <subfield code="4">0</subfield>
    <subfield code="5">6</subfield>
    <subfield code="7">0</subfield>
    <subfield code="8">SE</subfield>
    <subfield code="a">BNPHU</subfield>
    <subfield code="b">BNPHU</subfield>
    <subfield code="d">2026-03-13</subfield>
    <subfield code="h">A&#xF1;o 42. Vol. 41. N&#xFA;mero 152, enero-marzo 2010</subfield>
    <subfield code="l">0</subfield>
    <subfield code="p">2026-2157</subfield>
    <subfield code="r">2026-03-13</subfield>
    <subfield code="t">e.2</subfield>
    <subfield code="w">2026-03-13</subfield>
    <subfield code="y">ISSUE</subfield>
    <subfield code="z">G&#xE9;nero y justicia social.</subfield>
  </datafield>
  <datafield tag="952" ind1=" " ind2=" ">
    <subfield code="0">0</subfield>
    <subfield code="1">0</subfield>
    <subfield code="2">ddc</subfield>
    <subfield code="4">0</subfield>
    <subfield code="5">6</subfield>
    <subfield code="7">0</subfield>
    <subfield code="8">SE</subfield>
    <subfield code="a">BNPHU</subfield>
    <subfield code="b">BNPHU</subfield>
    <subfield code="d">2026-03-13</subfield>
    <subfield code="h">A&#xF1;o 42. Vol. 41. N&#xFA;mero 152, abril-junio 2010</subfield>
    <subfield code="l">0</subfield>
    <subfield code="p">2026-2158</subfield>
    <subfield code="r">2026-03-13</subfield>
    <subfield code="t">e.1</subfield>
    <subfield code="w">2026-03-13</subfield>
    <subfield code="y">ISSUE</subfield>
    <subfield code="z">Democracia Dominicana Perspectivas.</subfield>
  </datafield>
  <datafield tag="952" ind1=" " ind2=" ">
    <subfield code="0">0</subfield>
    <subfield code="1">0</subfield>
    <subfield code="2">ddc</subfield>
    <subfield code="4">0</subfield>
    <subfield code="5">6</subfield>
    <subfield code="7">0</subfield>
    <subfield code="8">SE</subfield>
    <subfield code="a">BNPHU</subfield>
    <subfield code="b">BNPHU</subfield>
    <subfield code="d">2026-03-13</subfield>
    <subfield code="h">A&#xF1;o 42. Vol. 41. N&#xFA;mero 152, abril-junio 2010</subfield>
    <subfield code="l">0</subfield>
    <subfield code="p">2026-2159</subfield>
    <subfield code="r">2026-03-13</subfield>
    <subfield code="t">e.2</subfield>
    <subfield code="w">2026-03-13</subfield>
    <subfield code="y">ISSUE</subfield>
    <subfield code="z">Democracia Dominicana Perspectivas.</subfield>
  </datafield>
  <datafield tag="952" ind1=" " ind2=" ">
    <subfield code="0">0</subfield>
    <subfield code="1">0</subfield>
    <subfield code="2">ddc</subfield>
    <subfield code="4">0</subfield>
    <subfield code="5">6</subfield>
    <subfield code="7">0</subfield>
    <subfield code="8">SE</subfield>
    <subfield code="a">BNPHU</subfield>
    <subfield code="b">BNPHU</subfield>
    <subfield code="d">2026-03-13</subfield>
    <subfield code="h">A&#xF1;o 50. Vol. 41. N&#xFA;mero 155, enero-abril 2018</subfield>
    <subfield code="l">0</subfield>
    <subfield code="p">2026-2160</subfield>
    <subfield code="r">2026-03-13</subfield>
    <subfield code="t">e.1</subfield>
    <subfield code="w">2026-03-13</subfield>
    <subfield code="y">ISSUE</subfield>
    <subfield code="z">Violencia social en Rep&#xFA;blica Dominicana.</subfield>
  </datafield>
  <datafield tag="952" ind1=" " ind2=" ">
    <subfield code="0">0</subfield>
    <subfield code="1">0</subfield>
    <subfield code="2">ddc</subfield>
    <subfield code="4">0</subfield>
    <subfield code="5">6</subfield>
    <subfield code="7">0</subfield>
    <subfield code="8">SE</subfield>
    <subfield code="a">BNPHU</subfield>
    <subfield code="b">BNPHU</subfield>
    <subfield code="d">2026-03-13</subfield>
    <subfield code="h">A&#xF1;o 50. Vol. 41. N&#xFA;mero 156, mayo-agosto 2018</subfield>
    <subfield code="l">0</subfield>
    <subfield code="p">2026-2161</subfield>
    <subfield code="r">2026-03-13</subfield>
    <subfield code="t">e.1</subfield>
    <subfield code="w">2026-03-13</subfield>
    <subfield code="y">ISSUE</subfield>
    <subfield code="z">Migraci&#xF3;n, convivencia y justicia.</subfield>
  </datafield>
  <datafield tag="952" ind1=" " ind2=" ">
    <subfield code="0">0</subfield>
    <subfield code="1">0</subfield>
    <subfield code="2">ddc</subfield>
    <subfield code="4">0</subfield>
    <subfield code="5">6</subfield>
    <subfield code="7">0</subfield>
    <subfield code="8">SE</subfield>
    <subfield code="a">BNPHU</subfield>
    <subfield code="b">BNPHU</subfield>
    <subfield code="d">2026-03-13</subfield>
    <subfield code="h">A&#xF1;o 50. Vol. 41. N&#xFA;mero 157, septiembre-diciembre 2018</subfield>
    <subfield code="l">0</subfield>
    <subfield code="p">2026-2162</subfield>
    <subfield code="r">2026-03-13</subfield>
    <subfield code="t">e.1</subfield>
    <subfield code="w">2026-03-13</subfield>
    <subfield code="y">ISSUE</subfield>
    <subfield code="z">Pensando el futuro social dominicano. Edici&#xF3;n 50 Aniversario.</subfield>
  </datafield>
  <datafield tag="952" ind1=" " ind2=" ">
    <subfield code="0">0</subfield>
    <subfield code="1">0</subfield>
    <subfield code="2">ddc</subfield>
    <subfield code="4">0</subfield>
    <subfield code="5">6</subfield>
    <subfield code="7">0</subfield>
    <subfield code="8">SE</subfield>
    <subfield code="a">BNPHU</subfield>
    <subfield code="b">BNPHU</subfield>
    <subfield code="d">2026-03-13</subfield>
    <subfield code="h">A&#xF1;o 50. Vol. 41. N&#xFA;mero 157, septiembre-diciembre 2018</subfield>
    <subfield code="l">0</subfield>
    <subfield code="p">2026-2163</subfield>
    <subfield code="r">2026-03-13</subfield>
    <subfield code="t">e.2</subfield>
    <subfield code="w">2026-03-13</subfield>
    <subfield code="y">ISSUE</subfield>
    <subfield code="z">Pensando el futuro social dominicano. Edici&#xF3;n 50 Aniversario.</subfield>
  </datafield>
  <datafield tag="999" ind1=" " ind2=" ">
    <subfield code="c">60501</subfield>
    <subfield code="d">60501</subfield>
  </datafield>
</record>
